1822 1830 1722 1816 1473 1066 1691 1874 1231 1267 1296 1764 1248 1145 1190 1857 1354 1068 1982 1033 1219 1088 1149 1704 1023 1435 1340 1478 1125 1705 1964 1328 1247 1393 1280 1683 1526 1409 1734 1056 1084 1075 1691 1013 1176 1132 1280 1458 1857 1756 1277 1637 1210 1479 1158 1700 1026 1668 1329 1534 1401 1646 1127 1208 1956 1121 1402 1036 1804 1556 1050 1205 1031 1795 1556 1867 1995 1637 1617 1106 1809 1806 1987 1824 1357 1753 1635 1484 1833 1026 1607 1345 1406 1724 1828 1595 1057 1848 1243 BCNSPRNW ULIB Ver.6.0+V

เปลี่ยนเป็นภาษาไทย

Change to English
 แสดงรายละเอียดบรรณานุกรม
  กลับหน้าหลัก

Brief Record : Get Marc (ISO 2709) : E-mail record : QR code < ปิดหน้าต่าง
LEADER : 00000nam 2200000uu 4500
001    13399108861
003     ULIB
008    110315s2543||||th 000 0 tha d
020    9743468811
060 04 W85^bอ639พ 2543
100 0  อาภา ศิริวงศ์ ณ อยุธยา
245 10 พฤติกรรมสุขภาพเมื่อเจ็บป่วยของประชาชนในภาวะวิกฤตเศรษฐกิจ :^bการศึกษาในจังหวัดพิษณุโลกและจังหวัดศรีสะเกษ /^cนักวิจัยอาภา ศิริวงศ์ ณ อยุธยา, กอบกุล สามัคคี
246 14 พฤติกรรมสุขภาพเมื่อเจ็บป่วยในภาวะวิกฤตเศรษฐกิจ
260    กรุงเทพฯ :^bสถาบันวิจัยสังคม จุฬาลงกรณ์มหาวิทยาลัย,^c2543
300    ก-จ, 152 หน้า :^bภาพประกอบ ;^c30 ซม.
500    ชื่อเรื่องบนปก :พฤติกรรมสุขภาพเมื่อเจ็บป่วยในภาวะวิกฤตเศรษฐกิจ
650  7 พฤติกรรมสุขภาพ
650  7 สุขภาพและอนามัย^xภาวะเศรษฐกิจ
700 0  กอบกุล สามัคคี
710 2  จุฬาลงกรณ์มหาวิทยาลัย. ^bสถาบันวิจัยสังคม
945    ^p0^l0^i014364
995    ทศพร
999 ^a ใช้งานได้ทุกระบบ
รายการนี้ยังไม่มีแท็ก
คุณยังไม่ได้ล็อกอิน คุณสามารถมีกิจกรรมร่วมกับเว็บไซต์ได้ แต่ต้องล็อกอินก่อน ::
  ล็อกอิน

รายการสื่อสารสนเทศ

ลำดับที่ ประเภท เลขเรียก/บาร์โค้ด สถานที่ สถานะ
- ไม่พบข้อมูล -

รายการใกล้เคียง
    หัวเรื่อง [พฤติกรรมสุขภาพ]

BibComment


ยังไม่เคยถูกคอมเมนท์

คอมเมนท์ทรัพยากรรายการนี้
  คอมเมนท์: พฤติกรรมสุขภาพเมื..


 Copyright 2026. Bcnsprnw @Library